Équipes-types de la Ligue des Champions : 2023 - Statistiques

Statistiques générales
  • Ce quiz a été pris 1 252 fois
  • Le résultat moyen est 9 sur 11
Statistiques - réponses
Poste Joueur Club % Correct
Gardien Thibaut Courtois Réal Madrid
99%
Attaquant Erling Haaland Manchester City
97%
Milieu Kevin De Bruyne Manchester City
95%
Attaquant Vinicius Junior Réal Madrid
94%
Défenseur Ruben Dias Manchester City
89%
Milieu Rodri Manchester City
88%
Attaquant Bernardo Silva Manchester City
83%
Défenseur Kyle Walker Manchester City
83%
Défenseur Alessandro Bastoni Inter Milan
62%
Défenseur Federico Dimarco Inter Milan
59%
Milieu John Stones Manchester City
55%
Aucun quiz correspondant
Distribution des résultats
% des personnes avec chaque résultat
Percentile par nombre de réponses
Votre historique - résultats
Vous n’avez pas pris ce quiz